[Event "Det Ã¥pne NM 2013 Gruppe A"]
[Site "Quality Hotel & Resort Fagerne"]
[Date "2013.03.24"]
[Round "8"]
[White "Miezis, Normunds"]
[Black "Turov, Maxim"]
[Result "0-1"]
[WhiteElo "2552"]
[BlackElo "2599"]
[PlyCount "82"]
[EventDate "2013.??.??"]

1. c4 g6 2. Nc3 Bg7 3. g3 c5 4. Bg2 Nc6 5. d3 d6 6. e4 Nf6 7. Nge2 O-O 8. O-O
a6 9. Rb1 Bg4 10. f3 Bd7 11. a3 Nd4 12. b4 b6 13. Be3 Ne8 14. Qd2 Nc7 15. Bh6
Nxe2+ 16. Nxe2 e5 17. Bxg7 Kxg7 18. f4 f6 19. fxe5 fxe5 20. Rxf8 Kxf8 21. bxc5
bxc5 22. Qh6+ Kg8 23. Bh3 Bxh3 24. Qxh3 Qg5 25. Kg2 Qe3 26. Qg4 Rf8 27. Kh3 Kg7
28. Rb7 Rf7 29. Qc8 Ne6 30. Qxe6 Rxb7 31. Qxd6 Qg5 32. g4 h5 33. Qe6 Re7 34.
Qc8 Rf7 35. Ng3 hxg4+ 36. Qxg4 Qxg4+ 37. Kxg4 Rf4+ 38. Kg5 Rf3 39. Kg4 Rxd3 40.
h4 Rxa3 41. h5 Rxg3+ 0-1

[Event "Det Ã¥pne NM 2013 Gruppe A"]
[Site "Quality Hotel & Resort Fagerne"]
[Date "2013.03.24"]
[Round "8"]
[White "Drazic, Sinisa"]
[Black "Dolzhikova, Olga"]
[Result "1-0"]
[WhiteElo "2459"]
[BlackElo "2270"]
[PlyCount "49"]
[EventDate "2013.??.??"]

1. Nf3 Nf6 2. g3 d5 3. Bg2 c5 4. O-O Nc6 5. d4 cxd4 6. Nxd4 Bd7 7. c4 e6 8. Nc3
Qb6 9. Be3 Ng4 10. cxd5 Nxe3 11. fxe3 Nxd4 12. exd4 e5 13. e3 Qxb2 14. Ne4 f5
15. Rb1 Qa3 16. Rb3 Qxa2 17. Nc3 Qa5 18. dxe5 Bb4 19. e6 O-O 20. Na2 Qxa2 21.
Rxb4 Bc8 22. e7 Re8 23. d6 Qa3 24. Qd4 Be6 25. Ra1 1-0

[Event "Det Ã¥pne NM 2013 Gruppe A"]
[Site "Quality Hotel & Resort Fagerne"]
[Date "2013.03.24"]
[Round "8"]
[White "Getz, Nicolai"]
[Black "Kveinys, Aloyzas"]
[Result "0-1"]
[WhiteElo "2352"]
[BlackElo "2528"]
[PlyCount "82"]
[EventDate "2013.??.??"]

1. d4 Nf6 2. c4 e6 3. Nc3 Bb4 4. Qc2 O-O 5. a3 Bxc3+ 6. Qxc3 b6 7. Bg5 Bb7 8.
f3 h6 9. Bh4 d6 10. e3 Nbd7 11. Bd3 Rc8 12. Ne2 c5 13. O-O cxd4 14. Qxd4 Ne5
15. Rad1 Ba6 16. b3 Nxd3 17. Rxd3 d5 18. Rfd1 Qe7 19. cxd5 e5 20. Qb4 Qxb4 21.
axb4 Bxd3 22. Rxd3 g5 23. Be1 e4 24. Rd4 Rfe8 25. Kf2 Rc2 26. d6 b5 27. Bd2
exf3 28. gxf3 Nd7 29. Ng3 f6 30. Nf5 h5 31. f4 Kf7 32. Ke2 Rb2 33. fxg5 fxg5
34. Rd3 Re5 35. Nd4 Rd5 36. Kd1 Rxd6 37. Kc1 Ra2 38. Rc3 Ne5 39. Be1 h4 40. Bd2
Kg6 41. Rc8 Rf6 0-1

[Event "Det Ã¥pne NM 2013 Gruppe A"]
[Site "Quality Hotel & Resort Fagerne"]
[Date "2013.03.24"]
[Round "8"]
[White "Pap, Misa"]
[Black "Stenersen, Gudmund"]
[Result "0-1"]
[WhiteElo "2511"]
[BlackElo "2219"]
[PlyCount "70"]
[EventDate "2013.??.??"]

1. e4 e5 2. Nf3 Nc6 3. Bc4 Bc5 4. O-O d6 5. c3 Nf6 6. Re1 O-O 7. Bb3 Be6 8. d4
exd4 9. cxd4 Bxb3 10. axb3 Bb4 11. Nc3 d5 12. e5 Ne4 13. Nxe4 Bxe1 14. Neg5 Bb4
15. Nxh7 Kxh7 16. Ng5+ Kg6 17. Qg4 f5 18. Qg3 Qe7 19. Bf4 Rh8 20. h4 Rh5 21.
Rc1 Rah8 22. Nh3+ Kf7 23. Bg5 Qd7 24. Nf4 Kg8 25. e6 Qd6 26. Bf6 R5h7 27. Qg6
Qf8 28. Bg5 Ne7 29. Bxe7 Bxe7 30. Rxc7 Rxh4 31. Nh3 Rg4 32. Qf7+ Qxf7 33. exf7+
Kxf7 34. f3 Rxd4 35. Ng5+ Kf6 0-1

[Event "Det Ã¥pne NM 2013 Gruppe A"]
[Site "Quality Hotel & Resort Fagerne"]
[Date "2013.03.24"]
[Round "9"]
[White "Rozentalis, Eduardas"]
[Black "Agdestein, Simen"]
[Result "1-0"]
[WhiteElo "2616"]
[BlackElo "2555"]
[PlyCount "97"]
[EventDate "2013.??.??"]

1. e4 e5 2. Nf3 Nf6 3. d4 Nxe4 4. Bd3 d5 5. Nxe5 Nd7 6. Nxd7 Bxd7 7. O-O Qh4 8.
c4 O-O-O 9. c5 g6 10. Nc3 Ng5 11. Be3 Bg7 12. a4 Rhe8 13. Nb5 Bg4 14. Be2 Bxe2
15. Qxe2 a6 16. Na7+ Kd7 17. c6+ bxc6 18. Qxa6 Re6 19. Rac1 Rb8 20. Nxc6 Rb6
21. Qa5 Rexc6 22. Rxc6 Rxc6 23. Qxd5+ Rd6 24. Qxg5 Qxg5 25. Bxg5 Rxd4 26. b3 c5
27. Re1 Bf8 28. Kf1 Rb4 29. Rd1+ Ke6 30. a5 Rxb3 31. Ra1 Rb8 32. a6 Ra8 33. a7
Kd7 34. Bf4 Kc6 35. Bb8 Be7 36. Ke2 c4 37. Kd2 Bc5 38. Kc3 Bxf2 39. Kxc4 f5 40.
h3 Be3 41. Kd3 Bc5 42. Ke2 Kd5 43. Kf3 g5 44. Ra6 h5 45. h4 gxh4 46. Kf4 Bxa7
47. Bxa7 Rg8 48. Ra5+ Kc4 49. Kf3 {Kd5 Ke4+} 1-0

[Event "Det Ã¥pne NM 2013 Gruppe A"]
[Site "Quality Hotel & Resort Fagerne"]
[Date "2013.03.24"]
[Round "9"]
[White "Ninov, Nikolai"]
[Black "Tari, Aryan"]
[Result "1/2-1/2"]
[WhiteElo "2508"]
[BlackElo "2293"]
[PlyCount "143"]
[EventDate "2013.??.??"]

1. e4 c5 2. Nf3 Nc6 3. d4 cxd4 4. Nxd4 g6 5. c4 Nf6 6. Nc3 Nxd4 7. Qxd4 d6 8.
Bg5 Bg7 9. Rd1 Qa5 10. Qd2 Be6 11. Bd3 O-O 12. b3 a6 13. Nd5 Qxd2+ 14. Kxd2
Bxd5 15. cxd5 h6 16. Be3 Ng4 17. Bb6 Ne5 18. Rc1 Rac8 19. Be2 Nd7 20. Be3 Nc5
21. f3 b5 22. Rc2 b4 23. Rhc1 a5 24. Bb5 f5 25. exf5 gxf5 26. Bc6 Bc3+ 27. Ke2
f4 28. Bxc5 dxc5 29. Kd3 Bd4 30. Re1 e5 31. Rce2 Kf7 32. Rxe5 Bxe5 33. Rxe5 Rc7
34. Kc4 Re7 35. Re4 Rxe4+ 36. fxe4 Kf6 37. Kxc5 Ke5 38. d6 Rd8 39. d7 Ke6 40.
Kb6 Ke7 41. e5 Rg8 42. Kc7 Rd8 43. Kb6 Rb8+ 44. Kxa5 Ke6 45. d8=Q Rxd8 46. Kxb4
Kxe5 47. Kc5 Rd2 48. a4 Rc2+ 49. Kb5 Kd6 50. Be4 Rc5+ 51. Kb4 Re5 52. Bf3 Kc7
53. a5 Kb8 54. Ka4 Ka7 55. b4 Re1 56. Kb5 Rc1 57. Bd5 Rc3 58. Ka4 Rd3 59. Bf3
Rd2 60. Kb3 Ka6 61. Kc3 Ra2 62. Bd5 Ra3+ 63. Kc4 Ra1 64. Kc5 Ka7 65. Bc4 Ra3
66. Kd4 Ra4 67. Kc3 Ra1 68. h3 Rc1+ 69. Kd4 Ra1 70. Kc5 Ra3 71. h4 Ra1 72. Kd4
1/2-1/2

[Event "Det Ã¥pne NM 2013 Gruppe A"]
[Site "Quality Hotel & Resort Fagerne"]
[Date "2013.03.24"]
[Round "9"]
[White "Elsness, Frode"]
[Black "Drazic, Sinisa"]
[Result "1-0"]
[WhiteElo "2483"]
[BlackElo "2459"]
[PlyCount "153"]
[EventDate "2013.??.??"]

1. d4 Nf6 2. c4 e6 3. Nc3 Bb4 4. Qc2 c5 5. dxc5 Na6 6. a3 Qa5 7. Bd2 Nxc5 8. e3
Bxc3 9. Bxc3 Qa4 10. Qxa4 Nxa4 11. Be5 b6 12. b3 Nc5 13. b4 Nb7 14. Bd3 d6 15.
Bb2 Ke7 16. Ne2 Bd7 17. f3 Rhc8 18. g4 h6 19. h4 Rh8 20. Kf2 Nd8 21. g5 Ne8 22.
Rag1 Kf8 23. Ng3 a5 24. b5 Nb7 25. f4 Nc5 26. Bc2 Bc8 27. e4 Bb7 28. Ke3 Rc8
29. Nh5 Nd7 30. Nxg7 Nxg7 31. gxh6 Nf5+ 32. exf5 e5 33. Be4 Bxe4 34. Kxe4 Rxh6
35. Rc1 Nc5+ 36. Ke3 f6 37. fxe5 fxe5 38. h5 Rc7 39. Rcg1 Rch7 40. Rg5 Kf7 41.
Kf3 Nd3 42. Bc3 Rh8 43. Rg6 a4 44. Rxh6 Rxh6 45. Rh2 Nf4 46. Kg4 Rh8 47. Bd2
Rc8 48. Bxf4 Rxc4 49. h6 Rxf4+ 50. Kg5 Kg8 51. Rc2 Rf3 52. Rc8+ Kh7 53. Rc7+
Kh8 54. f6 Rg3+ 55. Kf5 Rf3+ 56. Ke6 e4 57. f7 e3 58. Kxd6 e2 59. Re7 Rf6+ 60.
Kd5 Rxf7 61. Rxe2 Rc7 62. Re8+ Kh7 63. Kd6 Rc5 64. Re5 Rc3 65. Kd7 Rxa3 66. Kc7
Rb3 67. Kxb6 a3 68. Re4 Kxh6 69. Ka6 Kg5 70. b6 Kf5 71. Ra4 Ke6 72. b7 Kd6 73.
Ka7 Kc7 74. Rc4+ Kd6 75. b8=Q+ Rxb8 76. Kxb8 Kd5 77. Ra4 1-0

[Event "Det Ã¥pne NM 2013 Gruppe A"]
[Site "Quality Hotel & Resort Fagerne"]
[Date "2013.03.24"]
[Round "9"]
[White "Galinsky, Timofey"]
[Black "Hammer, Jon Ludvig"]
[Result "1-0"]
[WhiteElo "2416"]
[BlackElo "2629"]
[PlyCount "81"]
[EventDate "2013.??.??"]

1. e4 e5 2. Nf3 Nc6 3. Bc4 Nf6 4. d3 Bc5 5. O-O O-O 6. Nbd2 a6 7. c3 Ba7 8. Re1
d6 9. Bb3 Ng4 10. Re2 Na5 11. Bc2 f5 12. h3 Nh6 13. d4 exd4 14. Nxd4 f4 15.
N2f3 Kh8 16. e5 d5 17. e6 Qe7 18. Qd3 g6 19. b4 Nc4 20. g3 c5 21. bxc5 Bb8 22.
Nb3 Nf5 23. Qxd5 b5 24. Bxf5 Rd8 25. Qxd8+ Qxd8 26. e7 Qe8 27. Bxc8 Ra7 28.
Bxf4 Bxf4 29. gxf4 Rxe7 30. Rxe7 Qxe7 31. Bxa6 Qe6 32. Bxb5 Qxh3 33. Nbd4 Qg4+
34. Kf1 Na3 35. Bd3 h5 36. Re1 h4 37. Re8+ Kg7 38. Re7+ Kf8 39. Rh7 h3 40. c6
Kg8 41. Rh4 1-0

[Event "Det Ã¥pne NM 2013 Gruppe A"]
[Site "Quality Hotel & Resort Fagerne"]
[Date "2013.03.24"]
[Round "9"]
[White "Kveinys, Aloyzas"]
[Black "Johannessen, Leif E"]
[Result "1/2-1/2"]
[WhiteElo "2528"]
[BlackElo "2521"]
[PlyCount "105"]
[EventDate "2013.??.??"]

1. d4 d5 2. Nf3 Nf6 3. c4 c6 4. e3 Bf5 5. Nc3 a6 6. Be2 e6 7. Nh4 Be4 8. f3 Bg6
9. Bd2 dxc4 10. Nxg6 hxg6 11. Bxc4 c5 12. dxc5 Bxc5 13. Qe2 Nbd7 14. Bb3 Ne5
15. O-O-O Qd3 16. Rde1 O-O-O 17. f4 Qxe2 18. Rxe2 Nd3+ 19. Kc2 Rd7 20. a3 Rhd8
21. Na4 b5 22. Nxc5 Nxc5 23. Ba5 Rh8 24. Ba2 Nfe4 25. Rd1 Rxh2 26. Rxd7 Kxd7
27. Be1 Nb7 28. Kd3 Nbd6 29. Rc2 Rh1 30. Re2 Rg1 31. b4 g5 32. fxg5 Nxg5 33.
Bb3 Nge4 34. a4 g5 35. axb5 axb5 36. Kd4 Ke7 37. Bc2 f5 38. Ke5 Nc4+ 39. Kd4
Ncd6 40. Ke5 Nc4+ 41. Kd4 e5+ 42. Kd5 Ned6 43. Bc3 Rxg2 44. Rxg2 Nxe3+ 45. Kxe5
Nxg2 46. Bxf5 Nxf5 47. Kxf5 Kd6 48. Kxg5 Kd5 49. Bd2 Kc4 50. Kf5 Kd3 51. Bg5
Kc3 52. Ke4 Kxb4 53. Kd3 1/2-1/2

[Event "Det Ã¥pne NM 2013 Gruppe A"]
[Site "Quality Hotel & Resort Fagerne"]
[Date "2013.03.24"]
[Round "9"]
[White "Stenersen, Gudmund"]
[Black "Lie, Espen"]
[Result "1/2-1/2"]
[WhiteElo "2219"]
[BlackElo "2471"]
[PlyCount "104"]
[EventDate "2013.??.??"]

1. e4 Nf6 2. e5 Nd5 3. Nf3 d6 4. Bc4 c6 5. O-O dxe5 6. Nxe5 Nd7 7. Nxd7 Bxd7 8.
Qf3 e6 9. Nc3 Be7 10. d4 Nxc3 11. bxc3 O-O 12. Bf4 Bf6 13. a4 b5 14. Bd3 a5 15.
Rfb1 Qb6 16. Bd6 Rfe8 17. Bc5 Qa6 18. Qe2 Rab8 19. f4 g6 20. Rb3 Rb7 21. Rab1
Reb8 22. Bd6 Rc8 23. Bc5 Rcb8 24. g3 Qa8 25. axb5 cxb5 26. Be4 Qa6 27. Bxb7
Rxb7 28. R3b2 Bc6 29. c4 b4 30. c3 Kg7 31. cxb4 axb4 32. Ra2 Ba4 33. Rba1 b3
34. Rxa4 Qxa4 35. Rxa4 b2 36. Qxb2 Rxb2 37. Ra8 g5 38. fxg5 Bxg5 39. d5 Rb1+
40. Kg2 exd5 41. cxd5 Rd1 42. h4 Bf6 43. Bf8+ Kg6 44. Ra6 Kf5 45. g4+ Ke5 46.
g5 Bd8 47. d6 Ke6 48. Kf3 Rd4 49. Kg3 f6 50. Ra8 Bb6 51. Rb8 Ba5 52. gxf6 Ke5
1/2-1/2

[Event "Det Ã¥pne NM 2013 Gruppe A"]
[Site "Quality Hotel & Resort Fagerne"]
[Date "2013.03.24"]
[Round "9"]
[White "Johansen, Stian"]
[Black "Getz, Nicolai"]
[Result "0-1"]
[WhiteElo "2098"]
[BlackElo "2352"]
[PlyCount "48"]
[EventDate "2013.??.??"]

1. e4 e6 2. d4 d5 3. e5 c5 4. c3 Nc6 5. Nf3 Bd7 6. Bd3 Rc8 7. a3 Qb6 8. Bc2 Qc7
9. Ba4 cxd4 10. Bxc6 bxc6 11. cxd4 c5 12. Be3 cxd4 13. Bxd4 Ne7 14. O-O Nf5 15.
Re1 Nxd4 16. Nxd4 Bc5 17. Nc3 O-O 18. Qd2 Qb6 19. Rad1 Bxd4 20. Qxd4 Qxb2 21.
Nxd5 Qxd4 22. Ne7+ Kh8 23. Rxd4 Rc7 24. Red1 Be8 0-1